| 000 | 00390nam a22001697a 4500 | ||
|---|---|---|---|
| 005 | 20160629170640.0 | ||
| 008 | 160629b xxu||||| |||| 00| 0 eng d | ||
| 020 | _a978-0-521-68259-6 | ||
| 041 | _aeng | ||
| 082 | _b10870 | ||
| 100 |
_aO'conner, J.D. _93244 |
||
| 245 | _aBelter English Pronanciation | ||
| 260 | _bCombridge | ||
| 300 | _a146 | ||
| 650 |
_aManagement _9241 |
||
| 942 | _cBK | ||
| 999 |
_c4778 _d4776 |
||